[Event "Roncana op-B 9th"]
[Site "Santa Eulalia de Roncana"]
[Date "2015.10.17"]
[Round "2"]
[White "Chavero Falero, Alfonso"]
[Black "Casas Nin, Jordi"]
[Result "0-1"]
[WhiteElo "1721"]
[BlackElo "1817"]
[PlyCount "46"]
[EventDate "2015.10.03"]
[EventType "swiss"]
[EventRounds "8"]
[EventCountry "ESP"]
[SourceTitle "EXT 2017"]
[Source "ChessBase"]
[SourceDate "2016.10.25"]
[SourceVersion "1"]
[SourceVersionDate "2016.10.25"]
[SourceQuality "1"]

1. e4 e5 2. c4 Nf6 3. d3 Bc5 4. Bd2 d6 5. h3 0-0 6. Nf3 Nc6 7. Bc3 a6 8. d4 exd4 9. Bxd4 Nxe4 10. Bxc5 Nxc5 11. Nc3 Re8+ 12. Be2 Ne5 13. 0-0 Nxf3+ 14. Bxf3 Qg5 15. Bh5 Bxh3 16. Bxf7+ Kxf7 17. Qf3+ Bf5 18. b4 Ne4 19. Rad1 Nxc3 20. Qxc3 Re2 21. Qf3 Rae8 22. Rd5 g6 23. Rfd1 Re1+ 0-1

[Event "Vall del Tenes op 4th"]
[Site "Santa Eulalia de Roncana"]
[Date "2015.05.22"]
[Round "6"]
[White "Chavero Falero, Alfonso"]
[Black "Rodriguez Lloret, Ricard"]
[Result "1-0"]
[WhiteElo "1712"]
[BlackElo "1692"]
[PlyCount "72"]
[EventDate "2015.04.10"]
[EventType "swiss"]
[EventRounds "8"]
[EventCountry "ESP"]
[SourceTitle "CBM 166 Extra"]
[Source "ChessBase"]
[SourceDate "2015.06.18"]
[SourceVersion "1"]
[SourceVersionDate "2015.06.18"]
[SourceQuality "1"]

1. d4 d5 2. c4 Nf6 3. Nc3 dxc4 4. e4 e6 5. Nf3 Be7 6. Ne5 Nbd7 7. Bf4 Nxe5 8. Bxe5 c6 9. Bxc4 b5 10. Bd3 Bb7 11. Qb3 a6 12. 0-0 0-0 13. Ne2 Qb6 14. Rac1 Rac8 15. Bb1 c5 16. Qd3 Bxe4 17. Qe3 Bxb1 18. Rxb1 c4 19. Rbc1 Rc6 20. Rfd1 Rd8 21. Qg5 Rd5 22. Nf4 Qd8 23. Nxd5 Qxd5 24. Rc3 a5 25. Rg3 g6 26. Bxf6 Qxg5 27. Bxg5 Bd6 28. Re3 b4 29. Bf6 a4 30. Rc1 Bf4 31. Be7 Bxe3 32. fxe3 b3 33. a3 c3 34. bxc3 b2 35. Rb1 Rxc3 36. Rxb2 Rxa3 1-0

[Event "Vall del Tenes op 4th"]
[Site "Santa Eulalia de Roncana"]
[Date "2015.05.08"]
[Round "4"]
[White "Mejia Fernandez, Josep"]
[Black "Chavero Falero, Alfonso"]
[Result "1-0"]
[WhiteElo "1936"]
[BlackElo "1712"]
[PlyCount "64"]
[EventDate "2015.04.10"]
[EventType "swiss"]
[EventRounds "8"]
[EventCountry "ESP"]
[SourceTitle "CBM 166 Extra"]
[Source "ChessBase"]
[SourceDate "2015.06.18"]
[SourceVersion "1"]
[SourceVersionDate "2015.06.18"]
[SourceQuality "1"]

1. f4 b6 2. Nf3 e6 3. e4 Bb7 4. Nc3 Bb4 5. d3 d5 6. exd5 Bxc3+ 7. bxc3 Qxd5 8. Bb2 Nd7 9. c4 Qa5+ 10. Nd2 f6 11. Qg4 Ne7 12. Qxe6 Qb4 13. Rb1 0-0-0 14. Kd1 Rhe8 15. Bxf6 Qd6 16. Qxd6 cxd6 17. Bh4 Nf6 18. Rg1 Nf5 19. Bxf6 Ne3+ 20. Kc1 gxf6 21. g3 Bc6 22. Bh3+ Kb7 23. Re1 Re7 24. Nb3 a5 25. Nxa5+ Kc7 26. Nxc6 Kxc6 27. Bg2+ Kc7 28. Be4 f5 29. Rxe3 fxe4 30. Kb2 d5 31. cxd5 Rxd5 32. Rbe1 Rh5 1-0

[Event "Vall del Tenes op 4th"]
[Site "Santa Eulalia de Roncana"]
[Date "2015.04.10"]
[Round "1"]
[White "Sanz Ogaya, Mario"]
[Black "Chavero Falero, Alfonso"]
[Result "0-1"]
[WhiteElo "1998"]
[BlackElo "1712"]
[PlyCount "47"]
[EventDate "2015.04.10"]
[EventType "swiss"]
[EventRounds "8"]
[EventCountry "ESP"]
[SourceTitle "CBM 166 Extra"]
[Source "ChessBase"]
[SourceDate "2015.06.18"]
[SourceVersion "1"]
[SourceVersionDate "2015.06.18"]
[SourceQuality "1"]

1. e4 e5 2. Nf3 Nc6 3. Bb5 Nge7 4. d4 exd4 5. 0-0 f6 6. Re1 a6 7. Ba4 Ng6 8. Nxd4 Nce5 9. f4 c5 10. Nf3 b5 11. fxe5 bxa4 12. exf6 Qxf6 13. e5 Qc6 14. Bg5 Be7 15. Nc3 Bxg5 16. Nxg5 Nf4 17. Nce4 0-0 18. Qd2 Bb7 19. Re3 c4 20. Rf1 Qg6 21. Rg3 Qb6+ 22. Qe3 Ne2+ 23. Kh1 Nxg3+ 24. hxg3 0-1

[Event "Roncana op-B 8th"]
[Site "Santa Eulalia de Roncana"]
[Date "2014.11.08"]
[Round "4"]
[White "Chavero Falero, Alfonso"]
[Black "Herrera Grande, Placid"]
[Result "1-0"]
[WhiteElo "1703"]
[BlackElo "1700"]
[PlyCount "30"]
[EventDate "2014.10.11"]
[EventType "swiss"]
[EventRounds "8"]
[EventCountry "ESP"]
[SourceTitle "EXT 2016"]
[Source "ChessBase"]
[SourceDate "2015.10.08"]
[SourceVersion "1"]
[SourceVersionDate "2015.10.08"]
[SourceQuality "1"]

1. d4 d5 2. c4 e6 3. Nf3 Nf6 4. Bg5 Bb4+ 5. Nbd2 0-0 6. Qc2 Nc6 7. c5 Bd7 8. a3 Bxd2+ 9. Qxd2 b6 10. Qc2 Na5 11. e3 b5 12. Bd3 g6 13. e4 Kg7 14. e5 Kg8 15. Bxf6 Qb8 1-0